000 00375nam a2200145 i 4500
001 bg
100 1 _aMATWIEJEW, N. M.
245 0 _aMetody całkowania równań różniczkowych zwyczajnych /
_cN.M. Matwiejew.
250 _aWyd.3 uzup. i popr.
260 _aWarszawa,
_c1982.
040 _cBPK
041 _apol
942 _cKS
008 s pl f |000 0 pol
999 _c20286
_d20286
856 _uhttp://koha.tu.koszalin.pl/cgi-bin/koha/opac-detail.pl?biblionumber=20286
_yKatalog online BPK